000 00830cam a2200229u 4500
001 85788
003 BD-RjUL
005 20251006121123.0
008 830302s1875 enk 000 0beng
035 _a(BD-RjUL)85788
040 _aDLC
_cCarP
_dDLC
_beng
041 _aeng
082 _221
_a828.2 MUR
_b1875
100 0 _aThomas,
_d1220?-1297?
_917061
245 1 4 _aThe romance and prophecies of Thomas of Erceldoune, printed from five manuscripts;
260 _aLondon,
_bPub. for the Early English text society, by N. Trübner,
_c1875.
300 _alxxxvi, 63 p.
_c22 cm.
600 0 0 _aThomas,
_cthe Rhymer,
_d1220?-1297?
_xRomances.
_917062
700 1 _aMurray, James Augustus Henry,
_d1837-1915.
_917063
830 0 _aEarly English text society. [Publications. Original series,
_vno. 61.
_917064
942 _2ddc
_cBK
999 _c85788
_d85788